Seguimiento y evaluación del manejo de recursos naturales

Saved in:
Bibliografiske detaljer
Main Authors: Bedergué, Julio A (Author), Escobar, Germán (Author)
Format: Bog
Sprog:spansk
Udgivet: Santiago Ministerio de Agricultura 2000
Fag:
Tags: Tilføj Tag
Ingen Tags, Vær først til at tagge denne postø!

MARC

LEADER 00000nam a2200000 a 4500
001 UCJ1492
003 CL-VaPUC
008 061020e20000000CL |||||||||||||||||spa|d
020 |a 9567215154 
082 0 4 |a 333.7  |b BED  |2 21 
100 0 |a Bedergué, Julio A  |e author  |9 502175 
700 0 |a Escobar, Germán  |e author  |9 502176 
245 1 0 |a Seguimiento y evaluación del manejo de recursos naturales 
300 |a 380 p 
942 |c BK 
945 |d 20061020 00:00:00  |a jtorresc 
260 |a Santiago  |b Ministerio de Agricultura  |c 2000 
650 0 |a Recursos naturales  |9 255232 
650 0 |a Manejo del suelo  |9 401814 
650 0 |a Medio ambiente  |9 257625 
650 0 |a Gestión ambiental   |9 338121 
583 |a last modification  |c 20161003 10:53:30  |k Rodrigo Vera 
999 |c 318074  |d 318072 
952 |0 0  |1 0  |4 0  |6 333_700000000000000_BED_2000  |7 0  |8 A  |9 395297  |a BIBAGR  |b BIBAGR  |d 2019-11-22  |i 4242254  |o 333.7 BED 2000  |p 4242254  |r 2025-01-20  |w 2019-11-22  |y BK  |k AGR